Games Released in 2002 - Statistics

General Stats
  • This quiz has been taken 2 times
  • The average score is 11 of 48
Answer Stats
Answer % Correct
Super Mario Sunshine
100%
Ape Escape 2
50%
Castlevania Harmony of Dissonance
50%
Grand Theft Auto Vice City
50%
Jet Set Radio Future
50%
Kingdom Hearts
50%
Mario Party 4
50%
Metroid Fusion
50%
Metroid Prime
50%
Mortal Kombat Deadly Alliance
50%
Pac-Man World 2
50%
Pokemon Ruby and Sapphire
50%
Ratchet and Clank
50%
Resident Evil Zero
50%
Sonic Advance 2
50%
Soulcalibur II
50%
Star Fox Adventures
50%
The Legend of Zelda The Wind Waker
50%
Tom Clancy's Splinter Cell
50%
Xenosaga
50%
Armored Core 3
0%
Battlefield 1942
0%
Bloodrayne
0%
Burnout 2
0%
Dark Cloud 2
0%
Dead to Rights
0%
Eternal Darkness
0%
Hitman 2
0%
Mafia
0%
MechAssault
0%
Medal of Honor Allied Assault
0%
Medal of Honor Frontline
0%
Mega Man Zero
0%
Onimusha 2
0%
Panzer Dragoon Orta
0%
Red Faction II
0%
Resident Evil Remake
0%
Shantae
0%
Sly Cooper
0%
SOCOM
0%
Steel Battalion
0%
Suikoden III
0%
Super Monkey Ball 2
0%
The Elder Scrolls III Morrowind
0%
The House of the Dead III
0%
Timesplitters 2
0%
Tony Hawk's Pro Skater 4
0%
Wipeout Fusion
0%
No matching quizzes found
Score Distribution
Percent of People with Each Score
Percentile by Number Answered
Your Score History
You have not taken this quiz